000 01290nam a2200313 i 4500
003 EG-GICUC
005 20260411184442.0
008 260411s2016 ||| |||fr|||| 00| 0 Ara d
040 _a EG-GICUC
_bara
_c EG-GICUC
_d EG-GICUC
_erda
041 _aAra
082 0 4 _221
_a343.93
_bس ي
092 0 4 _221
099 _aLaw1 10 343.93 س ي 2016
245 0 2 _aالسياسة الجنائية لظاهرة (جرائم الاحتيال الالكترونى) (Crimes de fraud de carier ) وسبل مواجهتها وفقا للسياسات الجنائية المعاصرة /
_cإعداد الدكتور أشرف مسعد أبو زيد.
264 1 _a[مكان النشر غير محدد] :
_b[الناشر غير محدد]،
_c2016.
300 _a68 ؛صفحة
_c24 سم.
336 _2rda content
_atext
337 _2rda media
_aComputer
338 _2rda carrier
_aOnline Resource
504 _a64 ببليوجرافيا: صفحات.
546 _aالنص باللغة العربية
650 1 _aالسياسة الجنائية
_2qrmak
650 1 _aالقانون الجنائى
_2qrmak
651 1 _2qrmak
700 _aأشرف مسعد أبو زيد
_eمعد.
856 4 0 _uhttps://fll.law.cu.edu.eg/fulltext/bks/B10-06743.pdf
905 _a54
942 _2ddc
_cBK
_e21
_n0
999 _c70119
_d70119